Statistics for Word Scramble-X-Men

Click here to take the quiz!

General Stats

  • This quiz has been taken 290 times
  • The average score is 11 of 16

Answer Stats

ScrambledUnscrambled% Correct
RtosmStorm
91%
PscyolcCyclops
89%
KvhaoHavok
85%
Srpofsrox EProfessor X
84%
XehponiPhoenix
80%
EsbatBeast
78%
GnaelAngel
75%
GanteomMagneto
75%
RenilveowWolverine
73%
MtiagbGambit
70%
SeuitmqyMystique
60%
WraelringhtcNightcrawler
60%
LqriukceisvQuicksilver
58%
UgujgretanJuggernaut
57%
SpeaylopacApocalypse
51%
OspkelcyPsylocke
44%

Score Distribution

Percentile by Number Answered

Percent of People with Each Score

Your Score History

You have not taken this quiz